|
|
|
|
| LEADER |
00000cam a2200000 7i4500 |
| 001 |
0000004629 |
| 005 |
20090719.0 |
| 008 |
090719 my v may |
| 040 |
|
|
|a INS
|
| 090 |
0 |
0 |
|a VCD 1727
|
| 245 |
0 |
0 |
|a Aqidah dan peranannya dalam masyarakat Islam [
|h cakera video]
|c oleh Ustaz Sabri Abdul Rahman (UKM) :
|b 16 Mei 1997
|
| 260 |
|
|
|a Bangi :
|b Institut Penilaian Negara ,
|c 1997
|
| 300 |
|
|
|a 1 cakera video (1 jam 10 min.) :
|b bny., wrn. ;
|c 4 3/4 in.
|
| 500 |
|
|
|a Juga terdapat dalam format VHS 697
|
| 710 |
1 |
|
|a Institut Penilaian Negara
|
| 999 |
|
|
|a VCD0001727
|b DIGITAL VIDEO CD
|c Media Collection
|e Default branch
|